| 000 | 01490nam a2200433 c 4500 | ||
|---|---|---|---|
| 001 | 53843 | ||
| 003 | ES-MaCES | ||
| 005 | 20251222122207.0 | ||
| 007 | cr ||||||||||| | ||
| 008 | 250804s2024 sp 000 ||spa d | ||
| 017 | _aM 26243-2024 | ||
| 020 | _a9788411627184 (electrónico) | ||
| 040 |
_aES-MaCES _bspa _cES-MaCES |
||
| 100 | 1 |
_935216 _aPérez González, María del Carmen |
|
| 245 | 1 | 0 |
_aDerecho internacional y migraciones económicas _hRecurso electrónico _b: ¿un derecho a la migración segura, ordenada y regular? _cCarmen Pérez González |
| 250 | _a1ª ed | ||
| 260 |
_aLas Rozas (Madrid) _bAranzadi _c2024 |
||
| 300 | _a1 documento electrónico | ||
| 490 | 1 | _aEstudios | |
| 500 | _aPublicación en formato electrónico mediante la aplicación LEGALTECA | ||
| 504 | _aBibliografía | ||
| 541 | _cSuscripción conjunta | ||
| 650 | 0 | 4 |
_amigración internacional _929805 |
| 650 | 0 | 4 |
_apolítica migratoria _929183 |
| 650 | 0 | 4 |
_amigrante _928634 |
| 650 | 0 | 4 |
_arefugiado _928638 |
| 650 | 0 | 4 |
_aviolencia _929388 |
| 650 | 0 | 4 |
_aderechos humanos _927171 |
| 650 | 0 | 4 |
_amecanismo de control _929918 |
| 650 | 0 | 4 |
_acódigo de conducta _929864 |
| 650 | 0 | 4 |
_aderecho internacional _926684 |
| 650 | 0 | 4 |
_aderecho comunitario _929866 |
| 650 | 0 | 4 |
_aderecho penal _927159 |
| 653 | 1 | 0 | _aCiencias Sociales-Políticas |
| 830 | 0 |
_aEstudios (Thomson Reuters-Aranzadi) _934937 |
|
| 856 | 4 | _yLegalteca | |
| 902 | _aELE PUB. ELECTRONICA | ||
| 942 |
_2CES _cBK _h7.0. |
||
| 999 |
_c53843 _d53843 |
||